Bezdetnosť – nový fenomén v životných dráhach žien na Slovensku

Medzigeneračný vývoj konečnej bezdetnosti v kontexte zmien generačnej plodnosti a vytvorenie obrazu o jej možnom smerovaní u žien narodených v druhej polovici 70. a v 80. rokoch minulého storočia.

Guardado en:
Detalles Bibliográficos
Autor principal: Šprocha, Branislav
Otros Autores: Šťastná, Anna, Šídlo, Luděk
Formato: Capítulo de libro
Lenguaje:eslovaco
Materias:
Etiquetas: Agregar Etiqueta
Sin Etiquetas, Sea el primero en etiquetar este registro!

MARC

LEADER 00000naa a2200000 4500
001 0236988
005 20220805080127.3
041 0 |a slo 
044 |a SK 
245 1 0 |a Bezdetnosť – nový fenomén v životných dráhach žien na Slovensku  |c Branislav Šprocha, Anna Šťastná, Luděk Šídlo 
520 |a Medzigeneračný vývoj konečnej bezdetnosti v kontexte zmien generačnej plodnosti a vytvorenie obrazu o jej možnom smerovaní u žien narodených v druhej polovici 70. a v 80. rokoch minulého storočia. 
610 2 0 |a štatistika demografická 
610 2 0 |a ženy 
610 2 0 |a pôrodnosť 
610 2 0 |a kariéra 
100 1 |a Šprocha, Branislav 
700 1 |a Šťastná, Anna 
700 1 |a Šídlo, Luděk